Nezamestnanosť a aktívna politika trhu práce Vývoj v Slovenskej republike v 1.-3. štvrťroku 1995
Vývoj nezamestnanosti v SR, jej štruktúry, miery nezamestnanosti a voľných pracovných miest. Vývoj aktívnej politiky trhu práce. Výdavky na aktívnu politiku zamestnanosti.
Salvato in:
| Autore principale: | |
|---|---|
| Natura: | Capitolo di libro |
| Lingua: | slovacco |
| Soggetti: | |
| Tags: |
Nessun Tag, puoi essere il primo ad aggiungerne!!
|
MARC
| LEADER | 00000naa a2200000 4500 | ||
|---|---|---|---|
| 001 | r018891 | ||
| 005 | 20221205102552.2 | ||
| 041 | 0 | |a slo | |
| 044 | |a SK | ||
| 245 | 1 | 0 | |a Nezamestnanosť a aktívna politika trhu práce |b Vývoj v Slovenskej republike v 1.-3. štvrťroku 1995 |c Ľubica Gajdošová |
| 520 | |a Vývoj nezamestnanosti v SR, jej štruktúry, miery nezamestnanosti a voľných pracovných miest. Vývoj aktívnej politiky trhu práce. Výdavky na aktívnu politiku zamestnanosti. | ||
| 610 | 2 | 0 | |a nezamestnanosť |
| 610 | 2 | 0 | |a Slovensko |
| 610 | 2 | 0 | |a január-september |
| 610 | 2 | 0 | |a 1995 |
| 610 | 2 | 0 | |a miera nezamestnanosti |
| 610 | 2 | 0 | |a politika zamestnanosti |
| 610 | 2 | 0 | |a trh práce |
| 610 | 2 | 0 | |a práce verejnoprospešné |
| 610 | 2 | 0 | |a miesta pracovné |
| 610 | 2 | 0 | |a miesta voľné |
| 100 | 1 | |a Gajdošová, Ľubica | |